00490nam a2200181 a 4500001001300000003000900013005001700022008004100039020001000080082001300090100001700103245006200120260004100182300000900223500003500232505001000267650003100277nice12345678IN_TiNIC20260116013433.0050524s2000 bhua grd 000 0 eng  ac31500a025bWIL aWilson, John aDirectory of National and International Funding Agencies. aBhubaneswerbGlobal Volunteersc2000 a280p aincludes index and biblioraphy2 aIndex aDirectory-Funding Agencies